000 00477nam a2200145 4500
999 _c16937
_d16937
008 220523b ||||| |||| 00| 0 eng d
022 _a0117-3308
082 _aDPer 004.1105 C73 Sept 2010 - April 2011 v. 20 n. 3-9
245 _aSmartphones to rule in 2011.
260 _aPhilippines:
_bSchneider Electric,
_c©2010-2011.
300 _av20 n6, page 42:
_bcolor illustrations;
_c27 cm.
500 _aComputer world.
650 _aCellular telephones.
_945180
942 _2ddc
_cPER